01619nam a2200289 a 450000100100000000500170001000800410002702000180006804000250008608200160011110000400012724500980016726000430026530000200030849000720032850001220040050000800052250001280060259000260073071000610075670000530081783000790087095201290094995201140107895201200119299900170131200004671820201002053053.0180320s2014 dr r 000 0 spa d a9789945896312 aDO-SdBNPbspacBNPHU axxxxbG643m1 aGonzález, Nurys del Carmen92975910aMódulo 2. Taller 3. la multiplicación conceptualización /cNurys del Carmen González. aSanto Domingo :bMINERD ;aOEI,c2014. a20 p. ;c28 cm.1 aDesarrollo profesional docente, enseñanza de la lengua española aPolítica de apoyo a los aprendizajes de los primeros grados de nivel básico en lectura, escritura y matemática. aRegional educativa 05 San Pedro de Macorís, 12 Higüey, y 17 Monte Plata aA la cabeza del título: Desarrollo Profesional Docente. Capacitación de Docentes para la Enseñanza de la Matemática aInventariado, 2018/BT1 aRepública DominicanabMinisterio de Educación94310012aOrganización de Estados Iberoamericanos974658 0aDesarrollo profesional docente, enseñanza de la lengua española974659 001054708DSaGRbGRcHDd2018-03-20iLF1l0oxxxx G643mp46718-30r2020-06-25te. 3w2020-06-25yLFDSZPréstamo en sala 0010718PDaPDbPDcHDd2018-03-20iLF1l0oxxxx G643mp46718-10r2020-06-25w2020-06-25yLFPDZNo se presta 0010718PDaPDbPDcHDd2018-03-20iLF1l0oxxxx G643mp46718-20r2020-06-25te. 2w2020-06-25yLFPDZNo se presta c46207d46207